Reglas de catalogación angloamericanas / preparadas por The American Library Association ... [et. al] ; editadas en español por Kelly Dooper y Maria Julia Vargas ; revisadas por Carme Rovira
Publicado:
Washington, D.C :
Organización de los Estdos Americanos ; San Jose, C.R. : Bilioteca, Documentación e Información, Universidad de Costa Rica ,
1983
Descripción Física:
754 p. ; 25,3 cm
Materias:
Catalogació -- Normes
MARC
| LEADER | 00000nam a2200000Ia 4500 | ||
|---|---|---|---|
| 001 | 10900 | ||
| 003 | BGR | ||
| 005 | 20260324175707.0 | ||
| 008 | 160829s1983 xx 000 0 cat d | ||
| 080 | |a A-1-315 | ||
| 110 | 1 | |9 70295 |a American Library Association | |
| 245 | |a Reglas de catalogación angloamericanas / preparadas por The American Library Association ... [et. al] ; editadas en español por Kelly Dooper y Maria Julia Vargas ; revisadas por Carme Rovira | ||
| 250 | |a 2a ed. | ||
| 260 | |a Washington, D.C. : |b Organización de los Estdos Americanos ; San Jose, C.R. : |b Bilioteca, Documentación e Información, Universidad de Costa Rica, |c 1983 | ||
| 300 | |a 754 p. ; |c 25,3 cm | ||
| 650 | |a Catalogació |x Normes |9 37377 | ||
| 700 | 1 | |a Dooper, Kelly |9 38093 | |
| 700 | |a Vargas, María Julia, ed. |9 38094 | ||
| 700 | |a Rovira, Carme, rev. |9 38095 | ||
| 901 | |a Arxiu | ||
| 942 | |n 1 |2 udc |c MON | ||
| 952 | |0 0 |1 0 |4 0 |6 A1315 |7 1 |9 48252 |a Arxiu |b Arxiu |d 2016-12-01 |l 0 |o A-1-315 |p 10900 |r 2016-12-01 00:00:00 |w 2016-12-01 |y ARXIU | ||
| 999 | |c 52058 |d 52058 | ||